[Event "Aragon-chT Autonomico"]
[Site "Aragon"]
[Date "2007.04.28"]
[Round "12"]
[White "Gutierrez Barrachina, Jose Antonio"]
[Black "Sancho Yague, Jesus Angel"]
[Result "1-0"]
[WhiteElo "1983"]
[BlackElo "1845"]
[PlyCount "73"]
[EventDate "2007.01.27"]
[EventType "team"]
[EventRounds "9"]
[EventCountry "ESP"]
[SourceTitle "EXT 2008"]
[Source "ChessBase"]
[SourceDate "2007.11.25"]
[SourceVersion "1"]
[SourceVersionDate "2007.11.25"]
[SourceQuality "1"]
[WhiteTeam "Ramiro"]
[BlackTeam "El Soto"]
[WhiteTeamCountry "ESP"]
[BlackTeamCountry "ESP"]

1. c4 Nf6 2. Nc3 d5 3. cxd5 Nxd5 4. Nf3 c6 5. d4 Nxc3 6. bxc3 Bf5 7. Qb3 Qc7 8. g3 e6 9. Bf4 Qb6 10. Bg2 Be7 11. 0-0 Nd7 12. Nd2 0-0 13. e4 Bg6 14. Qc4 Qd8 15. Rfe1 Rc8 16. Qb3 b6 17. Rad1 c5 18. d5 e5 19. Be3 Bd6 20. Nc4 Nf6 21. Nxd6 Qxd6 22. f4 Bxe4 23. fxe5 Qxe5 24. Bf4 Qf5 25. Rxe4 Nxe4 26. Qb1 Rfe8 27. Re1 g5 28. Rxe4 Kg7 29. Bd2 Rxe4 30. Qxe4 Qf6 31. Qg4 Re8 32. Qxg5+ Qxg5 33. Bxg5 f6 34. Bf4 Kf7 35. d6 Re2 36. Bc6 Rxa2 37. Bd5+ 1-0

[Event "ESP Autonomico-chT"]
[Site "Spain"]
[Date "2006.02.25"]
[Round "4.55"]
[White "Sancho Yague, Jesus Angel"]
[Black "Marcellan Peire, Jesus Eduardo"]
[Result "1/2-1/2"]
[WhiteElo "1843"]
[BlackElo "1945"]
[PlyCount "141"]
[EventDate "2006.02.04"]
[EventType "team"]
[EventRounds "9"]
[EventCountry "ESP"]
[SourceTitle "EXT 2007"]
[Source "ChessBase"]
[SourceDate "2006.11.23"]
[SourceVersion "1"]
[SourceVersionDate "2006.11.23"]
[SourceQuality "1"]

1. e4 c5 2. Nf3 Nc6 3. d4 cxd4 4. Nxd4 Nf6 5. Nc3 e6 6. Bg5 Be7 7. f4 a6 8. a3 d5 9. e5 Nd7 10. Bxe7 Qxe7 11. Nb3 Nc5 12. Nxc5 Qxc5 13. Qd2 b5 14. b4 Qb6 15. Rd1 Bb7 16. Ne2 Rc8 17. Nc1 Ne7 18. Bd3 0-0 19. Nb3 f5 20. Nc5 Rxc5 21. bxc5 Qxc5 22. Qf2 d4 23. 0-0 Nd5 24. Ra1 Ne3 25. Rfc1 Bxg2 26. c3 Ba8 27. cxd4 Qd5 28. Qg3 Qxd4 29. Rab1 Qxd3 30. Re1 Qc2 31. Rbc1 Qg2+ 32. Qxg2 Nxg2 33. Rf1 Ne3 34. Rf2 Rd8 35. Re2 Nd5 36. Rf2 Kf7 37. h4 h6 38. Kh2 a5 39. Rc5 Rb8 40. Kg3 a4 41. Rb2 b4 42. axb4 Rxb4 43. Rxb4 Nxb4 44. Rc4 Bd5 45. Rxb4 a3 46. Ra4 a2 47. h5 Ke8 48. Ra7 Kd8 49. Kf2 Kc8 50. Ke3 Kb8 51. Ra3 Kb7 52. Kd3 Kb6 53. Kc3 Bf3 54. Rxa2 Bxh5 55. Kd4 Bf7 56. Rb2+ Kc6 57. Ra2 g5 58. Rc2+ Kd7 59. Rh2 gxf4 60. Rxh6 f3 61. Rh3 f2 62. Rf3 Bh5 63. Rxf2 Bg4 64. Kc5 Ke7 65. Kc6 Bh3 66. Rf4 Bg2+ 67. Kc7 Bd5 68. Rd4 Kf7 69. Kd6 Ke8 70. Rxd5 exd5 71. Kxd5 1/2-1/2

[Event "Autonomico-chT"]
[Site "Aragon"]
[Date "2005.02.26"]
[Round "5.56"]
[White "Martin Barbero, Roberto"]
[Black "Sancho Yague, Jesus Angel"]
[Result "1/2-1/2"]
[WhiteElo "1981"]
[BlackElo "1845"]
[PlyCount "91"]
[EventDate "2005.01.22"]
[EventType "team"]
[EventRounds "12"]
[EventCountry "ESP"]
[SourceTitle "EXT 2006"]
[Source "ChessBase"]
[SourceDate "2005.11.24"]
[SourceVersion "1"]
[SourceVersionDate "2005.11.24"]
[SourceQuality "1"]

1. c4 Nf6 2. Nf3 e6 3. g3 d5 4. cxd5 exd5 5. Bg2 c6 6. 0-0 Bf5 7. d3 Qb6 8. Nc3 Nbd7 9. e4 dxe4 10. dxe4 Be6 11. Qc2 Be7 12. b3 0-0 13. Bb2 Rac8 14. Rad1 h6 15. h3 c5 16. Nd5 Bxd5 17. exd5 Bd6 18. Nd2 Rfe8 19. Nc4 Qa6 20. Nxd6 Qxd6 21. Bc1 b5 22. Bf4 Qa6 23. Rfe1 Rxe1+ 24. Rxe1 c4 25. bxc4 Rxc4 26. Qe2 g5 27. Be5 Qa4 28. Bxf6 Nxf6 29. Qe7 Kg7 30. Qb7 Rc2 31. a3 Qd4 32. Rf1 Rd2 33. Qxb5 Nxd5 34. Bxd5 Qxd5 35. Qb4 Ra2 36. Qc3+ Kg6 37. Ra1 Rd2 38. Qe3 a5 39. a4 Rd3 40. Qe8 Kg7 41. Re1 Ra3 42. Qb5 Qxb5 43. axb5 Rb3 44. Re5 a4 45. Re4 a3 46. Ra4 1/2-1/2

[Event "Aragon-chT"]
[Site "Spain"]
[Date "2004.02.07"]
[Round "2"]
[White "Fuster Garcia, Luis Miguel"]
[Black "Sancho Yague, Jesus Angel"]
[Result "0-1"]
[WhiteElo "2209"]
[BlackElo "1876"]
[PlyCount "56"]
[EventDate "2004.01.??"]
[EventType "team"]
[EventRounds "11"]
[EventCountry "ESP"]
[SourceTitle "EXT 2006"]
[Source "ChessBase"]
[SourceDate "2005.11.24"]
[SourceVersion "1"]
[SourceVersionDate "2005.11.24"]
[SourceQuality "1"]

1. e4 e5 2. Nf3 Nc6 3. Bc4 Bc5 4. c3 Nf6 5. d3 h6 6. 0-0 0-0 7. Nbd2 Bb6 8. a4 a6 9. Re1 d6 10. Nf1 Re8 11. Be3 Bxe3 12. Nxe3 Be6 13. Bb3 d5 14. exd5 Nxd5 15. Nxd5 Bxd5 16. Bxd5 Qxd5 17. Qe2 Rad8 18. Rad1 Qb3 19. Ra1 f5 20. Nh4 Qe6 21. Qh5 g5 22. Nxf5 Qxf5 23. f4 Re6 24. fxg5 Qxg5 25. Qh3 Rf6 26. Re3 Kh7 27. Rae1 Qf5 28. Qh4 Qf4 0-1